00486nam a2200193 a 4500001001300000003000900013005001700022008004100039020001000080082001500090100002100105245002600126260004100152300000900193500003500202505001700237650001700254700002100271nice12345678IN_TiNIC20260116011405.0050524s1946 chia grp 000 0 eng  ac10000a297.6bZWE aZwemer, Samuel M aHeirs of the Prophets aChicagobMoody Bible Institutec1946 a137p aincludes index and biblioraphy2 aIndex, Illus aIslam-Clergy1 aZwemer, Samuel M